<?xml version="1.0" encoding="UTF-8"?>
<collection xmlns="http://www.loc.gov/MARC21/slim">
 <record>
  <leader>01674nam a2200217Ia 4500</leader>
  <controlfield tag="001">CTU_108983</controlfield>
  <controlfield tag="008">210402s9999    xx            000 0 und d</controlfield>
  <datafield tag="082" ind1=" " ind2=" ">
   <subfield code="a">001</subfield>
  </datafield>
  <datafield tag="082" ind1=" " ind2=" ">
   <subfield code="b">D695</subfield>
  </datafield>
  <datafield tag="100" ind1=" " ind2=" ">
   <subfield code="a">Doren, Charles Van</subfield>
  </datafield>
  <datafield tag="245" ind1=" " ind2="2">
   <subfield code="a">A history of knowledge :</subfield>
  </datafield>
  <datafield tag="245" ind1=" " ind2="0">
   <subfield code="b">Past, present, and future</subfield>
  </datafield>
  <datafield tag="245" ind1=" " ind2="0">
   <subfield code="c">Charles Van Doren</subfield>
  </datafield>
  <datafield tag="260" ind1=" " ind2=" ">
   <subfield code="a">New York</subfield>
  </datafield>
  <datafield tag="260" ind1=" " ind2=" ">
   <subfield code="b">Ballantine</subfield>
  </datafield>
  <datafield tag="260" ind1=" " ind2=" ">
   <subfield code="c">1991</subfield>
  </datafield>
  <datafield tag="520" ind1=" " ind2=" ">
   <subfield code="a">Van Doren, once editorial director of the Encyclopedia Brittanica , has produced a miniature encyclopedia, organized to show that there is progress in knowledge. He praises Columbus for giving us &quot;a world well on the way to the unity it experiences today.&quot; India is mentioned as the source of the caste system. The Chinese gave us Confucius, but Van Doren notes their main legacy seems to be good recipes for tyranny. He warns that some good knowledge is unpleasant: we must now control our technology. Ultimately, the best knowledge for him is Western scientific knowledge since it is cumulative, meaning that better theories nearly always replace worse ones. An avid reader of Popular Mechanics who went to sleep in Peoria, Illinois in 1920 and awoke today with this book in her/his hands would probably find their ideals intact, needing only new technical knowledge and preparation for Van Doren's predicted revolt of intelligent machines. Van Doren has distilled the ideology of scientific progress into a neat, short drink that should win him a place on every library shelf.</subfield>
  </datafield>
  <datafield tag="650" ind1=" " ind2=" ">
   <subfield code="a">Đời sống trí thức,Intellectual life</subfield>
  </datafield>
  <datafield tag="650" ind1=" " ind2=" ">
   <subfield code="x">Lịch sử,History</subfield>
  </datafield>
  <datafield tag="904" ind1=" " ind2=" ">
   <subfield code="i">Giang</subfield>
  </datafield>
  <datafield tag="980" ind1=" " ind2=" ">
   <subfield code="a">Trung tâm Học liệu Trường Đại học Cần Thơ</subfield>
  </datafield>
 </record>
</collection>
